000 00598nam a2200181Ia 4500
003 OSt
005 20260326102355.0
008 211028s2007 xx 000 0 und d
040 _cAIMIT LIBRARY
041 _aeng
082 _a658.3 DSOS
100 _aDsouza, Suzan Lynn;P G Aquinas.
_g50971383
_95830
245 _aA study on the performance of uti mutual funds schemes using sharpes treynors jensons method and famas method of net selectivity /
260 _bP G Aquinas
_c2007
600 _aHuman Resource Management
_95831
650 _aHuman Resource Management
_95832
942 _2ddc
_cPRO
999 _c218035
_d218035